Notas genealógicas sobre algunas familias mallorquinas extinguidas, con especificación de su representación en la actualidad / (Record no. 62359)

MARC details
000 -LEADER
campo de control de longitud fija 00647nam a2200169 i 4500
001 - NÚMERO DE CONTROL
campo de control 62359
003 - IDENTIFICADOR DE NÚMERO DE CONTROL
campo de control ES-MaACL
005 - FECHA Y HORA DE LA ÚLTIMA TRANSACCIÓN
campo de control 20250831063034.0
007 - CAMPO FIJO DE DESCRIPCIÓN FÍSICA--INFORMACIÓN GENERAL
campo de control de longitud fija t|
008 - DATOS DE LONGITUD FIJA--INFORMACIÓN GENERAL
campo de control de longitud fija 031120s1951 sp ||||1| spa d
100 1# - ENTRADA PRINCIPAL--NOMBRE DE PERSONA
Nombre de persona Feliu y Quadreny, Sebastián,
Fechas asociadas al nombre 1925-1987
9 (RLIN) 49206
245 10 - MENCIÓN DEL TÍTULO
Título Notas genealógicas sobre algunas familias mallorquinas extinguidas, con especificación de su representación en la actualidad /
Mención de responsabilidad, etc. Sebastián Feliu y Quadreny.
260 ## - PUBLICACIÓN, DISTRIBUCIÓN, ETC.
Lugar de publicación, distribución, etc. Mallorca :
Nombre del editor, distribuidor, etc. [s.n.],
Fecha de publicación, distribución, etc. 1951 (
Fabricante Talls. de los misioneros de los SS.CC.)
300 ## - DESCRIPCIÓN FÍSICA
Extensión 73 p., 7 lám. ;
Dimensiones 24 cm.
852 ## - LOCALIZACIÓN
Ubicación ES-MaACL
Número de control de estantería 1932-F-4
Sublocalización o colección R.31929
Holdings
Estatus retirado Estado de pérdida Estado de daño No para préstamo Colección Biblioteca de origen Biblioteca actual Ubicación en estantería Fecha de adquisición Fuente de adquisición Total de préstamos Signatura topográfica completa Código de barras Visto por última vez Precio de reemplazo Tipo de ítem Koha
        Colección de folletos Biblioteca del Ateneo de Madrid Biblioteca del Ateneo de Madrid Depósito folletos 17/01/2008     1932-F-4 1065376 23/02/2023 23/02/2023 Folleto